Úlohy a koncepcia regionálneho plánovania v podmienkach reformy verejnej správy v Slovenskej republike

Regionálne plánovanie - základné východiská. Ciele a funkcie regionálneho plánovania z pohľadu Európskej charty regionálneho plánovania. Alternatívne možnosti realizácie cieľov a funkcií regionálneho plánovania definované v Európskej charte regionálneho plánovania. Čo ovplyvňuje efektívnosť regionál...

Full description

Saved in:
Bibliographic Details
Main Author: Přívara, Jan
Format: Book Chapter
Language:Slovak
Subjects:
Tags: Add Tag
No Tags, Be the first to tag this record!

MARC

LEADER 00000naa$a2200000$$$4500
001 0080439
005 20221207083433.3
041 0 |a slo 
044 |a SK 
245 1 0 |a Úlohy a koncepcia regionálneho plánovania v podmienkach reformy verejnej správy v Slovenskej republike  |c Jan Přívara 
520 |a Regionálne plánovanie - základné východiská. Ciele a funkcie regionálneho plánovania z pohľadu Európskej charty regionálneho plánovania. Alternatívne možnosti realizácie cieľov a funkcií regionálneho plánovania definované v Európskej charte regionálneho plánovania. Čo ovplyvňuje efektívnosť regionálneho plánovania. 
610 2 0 |a plánovanie regionálne 
610 2 0 |a správa verejná 
610 2 0 |a reformy 
610 2 0 |a charta 
610 2 0 |a Európska únia 
610 2 0 |a Slovensko 
100 1 |a Přívara, Jan